00993nam a22002417a 4500003000400000005001700004008004100021020001800062040002100080041000800101082002700109110004200136245005500178250002200233260005100255300008600306505011200392650005400504650005600558651004700614651005800661651003200719OSt20210311140042.0210311s2007 ck aobegr|||| 00| 0 spa d a9789584409218 aCO-JMCRcCO-JMCR0 aspa04a912.86132 /bG574a2231 aColombia.bGobernación de Risaralda10aAtlas de Risaralda / cGobernación de Risaralda  aTercera edición aPereira : bGobernación de Risaralda, c2007 a387 páginas : bilustraciones, fotografías, mapas y planos a color ; c34 cm.0 aRisaralda en el contexto nacional y regional -- el departamento y su territorio -- Aspectos socioculturales 4aGeografía físicavatlaszRisaralda (Colombia) 4aGeografía políticavatlaszRisaralda (Colombia) 4aRisaralda (Colombia)vatlasxdescripción 4aRisaralda (Colombia)vatlasxcondiciones económicas 4aRisaralda (Colombia)xmapas